[Event "World Rapid 2023"]
[Site "Samarkand UZB"]
[Date "2023.12.27"]
[EventDate "2023.12.26"]
[Round "7.99"]
[Result "1-0"]
[White "Harold Wanyama"]
[Black "Jaloliddin Ilkhomi"]
[WhiteElo "2238"]
[BlackElo "2222"]
[PlyCount "68"]

1. d4 Nf6 2. c4 e6 3. g3 Bb4+ 4. Nd2 O-O 5. a3 Be7 6. Bg2 d5 7. Ngf3 b6 8. cxd5
exd5 9. O-O Bb7 10. b4 Nbd7 11. Bb2 c5 12. dxc5 bxc5 13. bxc5 Nxc5 14. Nd4 Qd7
15. a4 Rac8 16. N2f3 Nfe4 17. Ne5 Qc7 18. Nb5 Qb8 19. Ng4 f5 20. Be5 Qa8 21. Ne3
Rcd8 22. Nd4 Qc8 23. Rc1 Qd7 24. a5 Bf6 25. Bxf6 Rxf6 26. f3 Qe8 27. fxe4 Nxe4
28. Nexf5 Qe5 29. Qc2 Rc8 30. Qb1 Rb8 31. Bxe4 dxe4 32. Qa2+ Bd5 33. Qxd5+ Qxd5
34. Ne7+ 1-0

[Event "World Rapid 2023"]
[Site "Samarkand UZB"]
[Date "2023.12.27"]
[EventDate "2023.12.26"]
[Round "7.100"]
[Result "1-0"]
[White "Rojas Salas, Steven"]
[Black "David Bogdan"]
[WhiteElo "2172"]
[BlackElo "1671"]
[PlyCount "82"]

1. d4 d5 2. c4 e6 3. Nc3 Be7 4. Nf3 Nf6 5. g3 c6 6. Bg2 O-O 7. O-O b6 8. Ne5 a5
9. e4 Bb7 10. Be3 Na6 11. Qe2 Nc7 12. Qc2 Nd7 13. cxd5 cxd5 14. exd5 Nxd5 15.
Nxd5 Bxd5 16. Bxd5 exd5 17. Nc6 Qe8 18. Rae1 Bb4 19. Bd2 Qxe1 20. Rxe1 Bd6 21.
Qb3 Nf6 22. Bg5 Ne4 23. Qxd5 Nxg5 24. Qxg5 Rac8 25. Qd5 Bb4 26. Nxb4 axb4 27.
Qb5 Ra8 28. Qxb4 Rxa2 29. Qxb6 h6 30. d5 Raa8 31. d6 Rfb8 32. Qd4 Rd8 33. d7
Rab8 34. Re8+ Rxe8 35. dxe8=Q+ Rxe8 36. b4 Rb8 37. b5 Rb7 38. b6 g6 39. Qd5 Rb8
40. b7 h5 41. Qc6 1-0

[Event "World Rapid 2023"]
[Site "Samarkand UZB"]
[Date "2023.12.27"]
[EventDate "2023.12.26"]
[Round "7.101"]
[Result "1/2-1/2"]
[White "Ali Kasimov"]
[Black "Khalil Nafri"]
[WhiteElo "2206"]
[BlackElo "2248"]
[PlyCount "140"]

1. d4 Nf6 2. Nf3 g6 3. c4 Bg7 4. Nc3 O-O 5. e4 d6 6. Be2 e5 7. Be3 Ng4 8. Bg5 f6
9. Bh4 g5 10. Bg3 Nh6 11. d5 a5 12. Nd2 Na6 13. f3 Nc5 14. Bf2 f5 15. O-O f4 16.
b3 Rf7 17. a3 Bf8 18. Rb1 Rg7 19. b4 axb4 20. axb4 Nd7 21. h3 Nf7 22. Qc2 h5 23.
Ra1 Rb8 24. Ba7 Ra8 25. Bf2 Rxa1 26. Rxa1 Nf6 27. Ra8 g4 28. hxg4 hxg4 29. fxg4
Nxg4 30. Bxg4 Rxg4 31. Nf3 Qd7 32. Qe2 Rg7 33. Kf1 Qg4 34. Ne1 Qd7 35. c5 Nh6
36. Qc4 Ng4 37. c6 bxc6 38. dxc6+ Qe6 39. Qxe6+ Bxe6 40. Nd5 Bxd5 41. exd5 Nf6
42. Ra5 e4 43. Bd4 Be7 44. Ra7 Rf7 45. Rxc7 Nxd5 46. Rc8+ Rf8 47. Rxf8+ Kxf8 48.
b5 Bd8 49. Nc2 Ke7 50. Na3 Bb6 51. Bxb6 Nxb6 52. Nc2 d5 53. Nd4 Kd6 54. c7 Kxc7
55. Ne6+ Kd6 56. Nxf4 Kc5 57. g4 Kxb5 58. g5 Kc4 59. g6 Nc8 60. g7 Ne7 61. Ke2
d4 62. Kd2 Ng8 63. Ke2 Kc5 64. Ne6+ Kd5 65. Ng5 Ke5 66. Nf7+ Kf5 67. Nd6+ Kf4
68. Kd2 Kf3 69. Nf5 e3+ 70. Kd3 1/2-1/2

[Event "World Rapid 2023"]
[Site "Samarkand UZB"]
[Date "2023.12.27"]
[EventDate "2023.12.26"]
[Round "8.5"]
[Result "1/2-1/2"]
[White "Maxim Matlakov"]
[Black "Vachier-Lagrave, Maxime"]
[WhiteElo "2670"]
[BlackElo "2731"]
[PlyCount "26"]

1. d4 Nf6 2. c4 g6 3. Nc3 d5 4. cxd5 Nxd5 5. g3 c5 6. Bg2 Nxc3 7. bxc3 Qa5 8.
Nf3 Qxc3+ 9. Bd2 Qa3 10. Rc1 Bg7 11. O-O O-O 12. Rxc5 Nc6 13. Qb3 1/2-1/2

[Event "World Rapid 2023"]
[Site "Samarkand UZB"]
[Date "2023.12.27"]
[EventDate "2023.12.26"]
[Round "8.6"]
[Result "1/2-1/2"]
[White "Kirill Shevchenko"]
[Black "Levon Aronian"]
[WhiteElo "2651"]
[BlackElo "2723"]
[PlyCount "60"]

1. e4 e5 2. Nf3 Nc6 3. Bb5 Nf6 4. O-O Nxe4 5. d4 Nd6 6. Ba4 e4 7. Ne5 Be7 8. Nc3
O-O 9. Re1 f6 10. Bb3+ Kh8 11. Nxc6 dxc6 12. Nxe4 Nxe4 13. Rxe4 f5 14. Re1 f4
15. Qf3 Bd6 16. Bd2 Bf5 17. c4 Bc5 18. Rad1 Bxd4 19. Bb4 c5 20. Bxc5 Bxc5 21.
Rxd8 Raxd8 22. h4 c6 23. Re2 Rd3 24. Qxf4 Rd4 25. Qg3 h6 26. Re5 Bd6 27. c5 Bxe5
28. Qxe5 Rd7 29. f3 Bh7 30. Kh2 1/2-1/2

[Event "World Rapid 2023"]
[Site "Samarkand UZB"]
[Date "2023.12.27"]
[EventDate "2023.12.26"]
[Round "8.7"]
[Result "1/2-1/2"]
[White "Richard Rapport"]
[Black "Xiangyu Xu"]
[WhiteElo "2731"]
[BlackElo "2623"]
[PlyCount "100"]

1. Nf3 d5 2. g3 g6 3. Bg2 Bg7 4. O-O e5 5. d3 Ne7 6. c4 dxc4 7. dxc4 O-O 8. Nc3
Na6 9. Qc2 c6 10. a3 Bf5 11. e4 Be6 12. b3 Qc8 13. Be3 Nc7 14. Ne1 b5 15. cxb5
Nxb5 16. Nd3 Rd8 17. Ne2 c5 18. Qxc5 Rxd3 19. Qxe7 Rxb3 20. a4 Nd4 21. Nxd4 exd4
22. Bf4 Qd8 23. Qc5 Bf8 24. Qe5 Rc8 25. Bg5 Bg7 26. Qxe6 fxe6 27. Bxd8 Rxd8 28.
Rab1 Rxb1 29. Rxb1 d3 30. Bh3 Kf7 31. Kf1 Bc3 32. Rb7+ Kf6 33. Bg4 Rd4 34. Rc7
Rxe4 35. Rxc3 Rxg4 36. Rxd3 Rxa4 37. Rd7 h5 38. h4 a5 39. Ra7 Ra3 40. Kg2 e5 41.
Ra8 a4 42. Rf8+ Ke6 43. Rg8 Kf5 44. Rf8+ Ke4 45. Rf6 Rc3 46. Rxg6 a3 47. g4 hxg4
48. h5 Kf5 49. Ra6 Rh3 50. h6 1/2-1/2

[Event "World Rapid 2023"]
[Site "Samarkand UZB"]
[Date "2023.12.27"]
[EventDate "2023.12.26"]
[Round "8.8"]
[Result "1-0"]
[White "Santosh Gujrathi Vidit"]
[Black "David Paravyan"]
[WhiteElo "2737"]
[BlackElo "2612"]
[PlyCount "80"]

1. Nf3 d5 2. d4 Nf6 3. c4 dxc4 4. e3 e6 5. Bxc4 c5 6. O-O Nc6 7. Nc3 a6 8. Bd3
cxd4 9. exd4 Be7 10. Bg5 O-O 11. Rc1 h6 12. Bf4 Bd6 13. Qd2 Bxf4 14. Qxf4 Bd7
15. Ne5 Nb4 16. Bb1 Bc6 17. Rfd1 Rc8 18. Qd2 Qd6 19. a3 Nbd5 20. Nxd5 Nxd5 21.
Be4 Ba4 22. Re1 Rfd8 23. g3 Rxc1 24. Qxc1 Bb5 25. Qc2 Nf6 26. Bxb7 Qxd4 27. Bf3
Qb6 28. b4 g6 29. Nxg6 Bd3 30. Qc6 Qd4 31. Ne5 Bb5 32. Qc1 Kg7 33. Rd1 Qb6 34.
Rxd8 Qxd8 35. Qxh6+ Kg8 36. Qg5+ Kf8 37. a4 Bxa4 38. Ng4 Qd3 39. Qxf6 Bb5 40. h4
Ke8 1-0

[Event "World Rapid 2023"]
[Site "Samarkand UZB"]
[Date "2023.12.27"]
[EventDate "2023.12.26"]
[Round "8.9"]
[Result "1/2-1/2"]
[White "Alexander Grischuk"]
[Black "Robert Hovhannisyan"]
[WhiteElo "2732"]
[BlackElo "2611"]
[PlyCount "78"]

1. d4 d5 2. Nf3 Nf6 3. Bf4 c5 4. e3 Nc6 5. Nbd2 Bg4 6. c3 e6 7. Qb3 Qc8 8. h3
Bh5 9. Bb5 Nd7 10. O-O a6 11. Bxc6 Qxc6 12. c4 Be7 13. cxd5 Qxd5 14. Qxd5 exd5
15. dxc5 Nxc5 16. Be5 O-O 17. Bd4 Rac8 18. Bxc5 Rxc5 19. Nd4 Bg6 20. Rfd1 Bf6
21. N2b3 Rc7 22. Nc1 Bxd4 23. Rxd4 Rc2 24. b4 Rfc8 25. Nb3 R2c4 26. Rad1 Bc2 27.
R1d2 Bxb3 28. axb3 Rxd4 29. Rxd4 Rc3 30. b5 Rxb3 31. bxa6 bxa6 32. Rxd5 g6 33.
Ra5 Rb6 34. g4 h6 35. Kg2 g5 36. h4 gxh4 37. Kh3 Rf6 38. f4 Re6 39. Kxh4 1/2-1/2

[Event "World Rapid 2023"]
[Site "Samarkand UZB"]
[Date "2023.12.27"]
[EventDate "2023.12.26"]
[Round "8.10"]
[Result "1/2-1/2"]
[White "Maksim Chigaev"]
[Black "Sarin Nihal"]
[WhiteElo "2621"]
[BlackElo "2688"]
[PlyCount "98"]

1. c4 e6 2. g3 d5 3. Bg2 Nf6 4. Nf3 dxc4 5. O-O Nbd7 6. Qc2 a6 7. a4 Rb8 8. Qxc4
b5 9. Qc2 Bb7 10. Nc3 bxa4 11. Qxa4 Bd6 12. Qc2 O-O 13. d3 h6 14. e4 c5 15. h3
Ne5 16. Nxe5 Bxe5 17. Ne2 Qb6 18. Ra2 Rfc8 19. Be3 Bd4 20. Bf4 e5 21. Bd2 Bc6
22. Rfa1 Bb5 23. Ba5 Qd6 24. Nxd4 cxd4 25. Qd2 Nd7 26. Ra3 Rc6 27. Bf3 Rbc8 28.
Bd1 Qg6 29. Bb4 Nf6 30. Kh2 h5 31. Be7 R8c7 32. Bd8 Rc8 33. Be7 R6c7 34. Bb4 h4
35. gxh4 Nh5 36. Qg5 Qxg5 37. hxg5 Nf4 38. Bd6 Nxd3 39. Bxc7 Rxc7 40. Kg3 Nxb2
41. Bb3 Rc3+ 42. f3 g6 43. R1a2 Nd3 44. Ba4 Bxa4 45. Rxa4 Nc5 46. Rxa6 Nxa6 47.
Rxa6 Rc5 48. Ra8+ Kg7 49. Rd8 1/2-1/2

[Event "World Rapid 2023"]
[Site "Samarkand UZB"]
[Date "2023.12.27"]
[EventDate "2023.12.26"]
[Round "8.11"]
[Result "1/2-1/2"]
[White "Pavel Ponkratov"]
[Black "Van Foreest, Jorden"]
[WhiteElo "2608"]
[BlackElo "2679"]
[PlyCount "50"]

1. e4 e5 2. Nf3 Nc6 3. Bb5 Nf6 4. O-O Nxe4 5. d4 Nd6 6. dxe5 Nxb5 7. a4 Nbd4 8.
Nxd4 d5 9. c3 Be7 10. f4 g6 11. Be3 O-O 12. Nxc6 bxc6 13. Nd2 f6 14. b4 a5 15.
Nb3 axb4 16. cxb4 Ba6 17. Rf2 Bxb4 18. Bc5 Bxc5 19. Nxc5 fxe5 20. Ne6 Qe7 21.
Nxf8 Rxf8 22. fxe5 Rxf2 23. Kxf2 Qc5+ 24. Kf3 Qc3+ 25. Kf2 Qc5+ 1/2-1/2

[Event "World Rapid 2023"]
[Site "Samarkand UZB"]
[Date "2023.12.27"]
[EventDate "2023.12.26"]
[Round "8.13"]
[Result "1/2-1/2"]
[White "Giga Quparadze"]
[Black "Dmitry Andreikin"]
[WhiteElo "2491"]
[BlackElo "2729"]
[PlyCount "108"]

1. e4 e5 2. Nf3 Nf6 3. Nxe5 d6 4. Nf3 Nxe4 5. d4 d5 6. Bd3 Bd6 7. O-O O-O 8. c4
c6 9. Nc3 Nxc3 10. bxc3 h6 11. cxd5 cxd5 12. Rb1 Nd7 13. c4 dxc4 14. Bxc4 Nb6
15. Bb3 Bf5 16. Bc2 Qc8 17. Bxf5 Qxf5 18. Be3 Rfe8 19. a4 Rac8 20. Rb5 Qc2 21.
a5 Qc4 22. Qb3 Qxb3 23. Rxb3 Nc4 24. Rxb7 a6 25. Ra7 Ra8 26. Rxa8 Rxa8 27. Ra1
Bb4 28. Ra4 Rb8 29. Ne5 Nxe5 30. dxe5 Bc5 31. h4 Bxe3 32. fxe3 Rb5 33. Re4 Kf8
34. e6 Rxa5 35. exf7 Kxf7 36. Rc4 Ra2 37. Rc6 a5 38. Ra6 a4 39. h5 a3 40. Kh2
Ra1 41. Kg3 a2 42. e4 Ke7 43. e5 Re1 44. Rxa2 Rxe5 45. Ra7+ Kf6 46. Ra6+ Kg5 47.
Rg6+ Kxh5 48. Rxg7 Rg5+ 49. Rxg5+ Kxg5 50. Kh3 h5 51. Kg3 h4+ 52. Kh3 Kh5 53. g3
hxg3 54. Kxg3 1/2-1/2

[Event "World Rapid 2023"]
[Site "Samarkand UZB"]
[Date "2023.12.27"]
[EventDate "2023.12.26"]
[Round "8.14"]
[Result "1/2-1/2"]
[White "Jakhongir Vakhidov"]
[Black "Anton Guijarro, David"]
[WhiteElo "2599"]
[BlackElo "2670"]
[PlyCount "34"]

1. c4 e5 2. Nc3 d6 3. g3 f5 4. d4 Be7 5. Bh3 Na6 6. dxe5 dxe5 7. Qxd8+ Bxd8 8.
Nf3 Bf6 9. e4 Ne7 10. O-O O-O 11. Rd1 Nc5 12. Be3 fxe4 13. Bxc8 Rfxc8 14. Nd2
Ne6 15. Ndxe4 Nf5 16. Nd5 Kf7 17. Ndxf6 1/2-1/2

[Event "World Rapid 2023"]
[Site "Samarkand UZB"]
[Date "2023.12.27"]
[EventDate "2023.12.26"]
[Round "8.15"]
[Result "1-0"]
[White "Pouya Idani"]
[Black "Rauf Mamedov"]
[WhiteElo "2602"]
[BlackElo "2651"]
[PlyCount "112"]

1. e4 c5 2. Nf3 g6 3. d4 cxd4 4. Nxd4 Nc6 5. c4 Nf6 6. Nc3 Nxd4 7. Qxd4 d6 8.
Be2 Bg7 9. Be3 O-O 10. Qd3 a6 11. O-O Bd7 12. a4 a5 13. b3 Bc6 14. Rab1 Nd7 15.
f3 Nc5 16. Qd2 f5 17. exf5 gxf5 18. f4 Rf6 19. Bf3 Rg6 20. Bd4 e5 21. Bxc5 dxc5
22. Qxd8+ Rxd8 23. fxe5 Bxf3 24. Rxf3 Rd2 25. Rf2 Rxf2 26. Kxf2 Bxe5 27. Nd5 Kf7
28. g3 Re6 29. Kg2 Bd6 30. Rf1 Kg6 31. Kf3 Re4 32. Nc3 Re6 33. Rd1 Be5 34. Nd5
Kf7 35. Ne3 Kg6 36. Rd5 b6 37. Rd7 Bd4 38. Nd5 Re1 39. Rd6+ Kf7 40. Rxb6 Rf1+
41. Kg2 Rf2+ 42. Kh3 Rb2 43. Kh4 Rxh2+ 44. Kg5 Rg2 45. Rb7+ Kf8 46. Kxf5 Rxg3
47. Rxh7 Rxb3 48. Ra7 Rb1 49. Rxa5 Rc1 50. Ra8+ Kf7 51. Ra7+ Kf8 52. Nb6 Re1 53.
a5 Re5+ 54. Kf4 Re6 55. Rb7 Rxb6 56. axb6 1-0

[Event "World Rapid 2023"]
[Site "Samarkand UZB"]
[Date "2023.12.27"]
[EventDate "2023.12.26"]
[Round "8.16"]
[Result "1/2-1/2"]
[White "R Praggnanandhaa"]
[Black "Subramaniyam H Bharath"]
[WhiteElo "2740"]
[BlackElo "2504"]
[PlyCount "136"]

1. d4 Nf6 2. c4 e6 3. Nf3 d5 4. Nc3 Bb4 5. Qa4+ Nc6 6. e3 O-O 7. Bd2 Re8 8. a3
Bf8 9. Rd1 Ne7 10. c5 Bd7 11. Qc2 Nc6 12. Bb5 a6 13. Ba4 b5 14. Bb3 Rb8 15. O-O
a5 16. Ne2 Ne4 17. Nf4 g5 18. Nd3 f6 19. Be1 a4 20. Ba2 Bg7 21. Nd2 Nxd2 22.
Qxd2 f5 23. f3 h5 24. Bf2 Ne7 25. e4 f4 26. h4 dxe4 27. fxe4 Ng6 28. Ne5 Nxe5
29. dxe5 Bc6 30. Bxe6+ Kf8 31. Qe2 Qe7 32. Bf5 g4 33. Be3 Bxe5 34. Bxf4 Kg7 35.
Bxe5+ Qxe5 36. Qe3 Qe7 37. Qc3+ Qe5 38. Bd7 Qxc3 39. bxc3 Bxd7 40. Rxd7+ Kg6 41.
Rf4 Rbd8 42. Rxc7 Rd3 43. Rb7 Rxc3 44. Rb6+ Kg7 45. Rxb5 g3 46. Kf1 Rxa3 47. c6
Ra1+ 48. Ke2 Ra2+ 49. Ke3 Rxg2 50. Rxh5 Rc2 51. Rg4+ Kf8 52. Rh8+ Ke7 53. Rh7+
Kd8 54. Kd3 Rxc6 55. Rxg3 Rd6+ 56. Ke3 Rde6 57. Rg4 Ra6 58. Rgg7 Rae6 59. Rd7+
Kc8 60. Rd4 Ra6 61. Rdd7 Kb8 62. Rb7+ Ka8 63. Rb2 a3 64. Ra2 Ra4 65. Kf3 Rexe4
66. Rxa3 Rxh4 67. Rh8+ Rxh8 68. Rxa4+ Kb7 1/2-1/2

[Event "World Rapid 2023"]
[Site "Samarkand UZB"]
[Date "2023.12.27"]
[EventDate "2023.12.26"]
[Round "8.17"]
[Result "1/2-1/2"]
[White "Igor Lysyj"]
[Black "Laurent Fressinet"]
[WhiteElo "2589"]
[BlackElo "2637"]
[PlyCount "64"]

1. d4 Nf6 2. c4 e6 3. Nf3 d5 4. g3 Be7 5. Bg2 O-O 6. O-O c6 7. Qc2 b6 8. Rd1 Bb7
9. b3 Nbd7 10. Nc3 Ba6 11. Bf4 Nh5 12. Bd2 Nhf6 13. Be1 h6 14. a4 Qc7 15. cxd5
cxd5 16. Qb2 Rac8 17. Rdc1 Qb8 18. b4 Rc4 19. b5 Bb7 20. e3 Rfc8 21. Bf1 R4c7
22. Na2 Ne4 23. Rxc7 Rxc7 24. Rc1 Bd6 25. Bb4 Qc8 26. Rxc7 Qxc7 27. Bxd6 Nxd6
28. Qb4 Nf6 29. Qc3 Qxc3 30. Nxc3 Nfe4 31. Nxe4 Nxe4 32. Bd3 Nd6 1/2-1/2

[Event "World Rapid 2023"]
[Site "Samarkand UZB"]
[Date "2023.12.27"]
[EventDate "2023.12.26"]
[Round "8.18"]
[Result "1-0"]
[White "Sabino Brunello"]
[Black "Daniel Dardha"]
[WhiteElo "2500"]
[BlackElo "2598"]
[PlyCount "112"]

1. c4 e6 2. g3 d5 3. Bg2 d4 4. Nf3 Nc6 5. d3 Bc5 6. Nbd2 a5 7. O-O Nge7 8. Nb3
Ba7 9. e3 e5 10. exd4 exd4 11. Bd2 a4 12. Na5 Nxa5 13. Bxa5 O-O 14. Re1 Nc6 15.
Bd2 Bf5 16. Qxa4 Bxd3 17. Qb3 Bf5 18. Qxb7 Bd7 19. Ne5 Nxe5 20. Rxe5 c6 21. Bxc6
Bxc6 22. Qxc6 Rc8 23. Qa6 Qc7 24. Rae1 Bb8 25. b3 Qxe5 26. Rxe5 Bxe5 27. Qb5 Bf6
28. c5 d3 29. b4 Rcd8 30. c6 Ra8 31. a4 Rfc8 32. a5 h6 33. Qc4 Bg5 34. f4 Bd8
35. Kf1 h5 36. h3 h4 37. g4 Rc7 38. b5 Re7 39. Qxd3 Bc7 40. b6 Rd8 41. Qc2 Bd6
42. c7 Bxc7 43. bxc7 Rc8 44. Qb3 Rcxc7 45. Be3 Rb7 46. Bb6 Re4 47. a6 Rbe7 48.
Qf3 Ra4 49. Qa8+ Kh7 50. a7 Ra1+ 51. Kg2 Ra2+ 52. Bf2 g6 53. g5 Rd7 54. Kf3 Ra3+
55. Kg4 Rd2 56. Qf8 1-0

[Event "World Rapid 2023"]
[Site "Samarkand UZB"]
[Date "2023.12.27"]
[EventDate "2023.12.26"]
[Round "8.19"]
[Result "1/2-1/2"]
[White "Parham Maghsoodloo"]
[Black "Aydin Suleymanli"]
[WhiteElo "2742"]
[BlackElo "2609"]
[PlyCount "88"]

1. c4 Nf6 2. Nc3 e5 3. Nf3 Nc6 4. g3 d5 5. cxd5 Nxd5 6. Bg2 Bc5 7. O-O O-O 8. d3
h6 9. Nxd5 Qxd5 10. Bd2 Qe6 11. Qc2 Qe7 12. a3 a5 13. Rac1 Bb6 14. Be3 Nd4 15.
Bxd4 exd4 16. Rfe1 Be6 17. Qa4 Rfd8 18. Nd2 c6 19. Ne4 Bd5 20. Qc2 a4 21. Nc5
Ba5 22. Red1 b5 23. Bxd5 cxd5 24. b4 axb3 25. Nxb3 Bc3 26. e3 Qxa3 27. Nxd4 Bxd4
28. exd4 b4 29. Qc5 b3 30. Rb1 Qa2 31. Qc3 Rab8 32. Rb2 Qa4 33. Rc1 Qa3 34. Kg2
Kh7 35. Rcb1 Rdc8 36. Qd2 Kg8 37. h4 Rb4 38. h5 Qa4 39. Qd1 Rc3 40. Qe1 Rc8 41.
Qe5 Qb5 42. Re1 Qxd3 43. Qxd5 Rxd4 44. Qxb3 Qxb3 1/2-1/2

[Event "World Rapid 2023"]
[Site "Samarkand UZB"]
[Date "2023.12.27"]
[EventDate "2023.12.26"]
[Round "8.21"]
[Result "1-0"]
[White "Tigran L Petrosian"]
[Black "Denis Lazavik"]
[WhiteElo "2561"]
[BlackElo "2566"]
[PlyCount "62"]

1. e4 e5 2. Nf3 Nc6 3. Bb5 Nf6 4. d3 Bc5 5. Bxc6 dxc6 6. O-O Nd7 7. Be3 Bxe3 8.
fxe3 Qe7 9. Nbd2 b6 10. Qe1 Bb7 11. a3 O-O-O 12. b4 f6 13. Nc4 Qe6 14. Qc3 g6
15. a4 c5 16. a5 cxb4 17. Qxb4 Rhe8 18. axb6 axb6 19. Ra7 Nc5 20. Na5 Bc6 21.
Rb1 Nb7 22. Nc4 Kd7 23. d4 exd4 24. Rd1 Qe7 25. Rxd4+ Ke6 26. Qb3 Nc5 27. Qa2
Rxd4 28. Nxd4+ Kf7 29. Nxc6 Qe6 30. Nd6+ Kf8 31. Nxe8 1-0

[Event "World Rapid 2023"]
[Site "Samarkand UZB"]
[Date "2023.12.27"]
[EventDate "2023.12.26"]
[Round "8.22"]
[Result "1-0"]
[White "Anton Korobov"]
[Black "Ortik Nigmatov"]
[WhiteElo "2672"]
[BlackElo "2439"]
[PlyCount "68"]

1. c4 e5 2. d3 Nc6 3. Nf3 f5 4. g3 Nf6 5. Bg2 g6 6. O-O Bg7 7. Nc3 O-O 8. Bg5 h6
9. Bxf6 Qxf6 10. Rb1 a5 11. a3 d6 12. Nd2 Ne7 13. c5 c6 14. cxd6 Qxd6 15. b4
axb4 16. axb4 Be6 17. Na4 e4 18. Nc5 Ba2 19. Nxb7 Qc7 20. Nc5 Bxb1 21. Qxb1 Rfb8
22. dxe4 Qd6 23. Nd3 Kh7 24. e5 Qe6 25. Nb3 Ra3 26. Nbc5 Qa2 27. Qc1 Ra7 28. e4
Rd8 29. Re1 Ra3 30. exf5 Nxf5 31. Be4 Nd4 32. Kg2 Rf8 33. Nf4 Kg8 34. Bb1 1-0

[Event "World Rapid 2023"]
[Site "Samarkand UZB"]
[Date "2023.12.27"]
[EventDate "2023.12.26"]
[Round "8.23"]
[Result "1/2-1/2"]
[White "Timur Gareyev"]
[Black "Sergey Grigoriants"]
[WhiteElo "2570"]
[BlackElo "2544"]
[PlyCount "96"]

1. d4 Nf6 2. c4 e6 3. Nf3 d5 4. e3 b6 5. Nc3 Bd6 6. Bd3 Bb7 7. cxd5 exd5 8. Ne5
O-O 9. O-O c5 10. Nb5 Be7 11. Qf3 Nc6 12. b3 a6 13. Nc3 cxd4 14. Nxc6 Bxc6 15.
exd4 Bb4 16. Ne2 Ne4 17. Qh3 Bb5 18. Bxb5 axb5 19. Qd3 Qd7 20. f3 Nd6 21. Ng3
Rfc8 22. Bd2 Bxd2 23. Qxd2 Nf5 24. Nxf5 Qxf5 25. Rf2 h6 26. h3 Re8 27. Qb4 Qd7
28. Re1 Rxe1+ 29. Qxe1 Re8 30. Re2 Rxe2 31. Qxe2 Qc6 32. Qd2 Qd6 33. Kf2 h5 34.
Qg5 g6 35. Qe5 Qc6 36. h4 b4 37. Kg3 Kf8 38. Qh8+ Ke7 39. Qe5+ Kf8 40. Qb8+ Ke7
41. Qf4 Qd6 42. Qxd6+ Kxd6 43. Kf4 f6 44. g3 Ke7 45. g4 Ke6 46. Kg3 Kd6 47. Kf4
Ke6 48. Kg3 Kd6 1/2-1/2

[Event "World Rapid 2023"]
[Site "Samarkand UZB"]
[Date "2023.12.27"]
[EventDate "2023.12.26"]
[Round "8.24"]
[Result "1-0"]
[White "Rudik Makarian"]
[Black "Alan Pichot"]
[WhiteElo "2530"]
[BlackElo "2651"]
[PlyCount "110"]

1. d4 Nf6 2. c4 e6 3. Nf3 d5 4. g3 dxc4 5. Bg2 a6 6. O-O Nc6 7. e3 Bd7 8. a4 Bd6
9. Nbd2 Na5 10. Qc2 Bc6 11. Nxc4 Be4 12. Qc3 Nd5 13. Nxd6+ cxd6 14. Qa3 O-O 15.
Bd2 Nc4 16. Qb3 Rc8 17. Rfc1 Qb6 18. Qxb6 Ndxb6 19. Bc3 Nd5 20. Ne1 Bxg2 21.
Kxg2 Rc6 22. Nd3 Rfc8 23. Be1 Ncb6 24. b3 f5 25. Kf3 Kf7 26. h3 Nf6 27. Rxc6
Rxc6 28. Rc1 Rxc1 29. Nxc1 e5 30. dxe5 dxe5 31. Ke2 Ke6 32. Nd3 Nbd7 33. f3 g5
34. g4 e4 35. gxf5+ Kxf5 36. fxe4+ Nxe4 37. b4 Nb6 38. Nb2 Nd5 39. Kd3 h5 40.
Kd4 Nc7 41. Nd3 b6 42. a5 bxa5 43. bxa5 g4 44. hxg4+ hxg4 45. Nc5 Nb5+ 46. Kd5
Nxc5 47. Kxc5 Ke4 48. Kb6 Kxe3 49. Kxa6 Nd6 50. Ka7 Ke2 51. Bg3 Ne4 52. Be5 Kf3
53. Kb6 g3 54. Bxg3 Kxg3 55. Kc6 1-0

[Event "World Rapid 2023"]
[Site "Samarkand UZB"]
[Date "2023.12.27"]
[EventDate "2023.12.26"]
[Round "8.25"]
[Result "1/2-1/2"]
[White "Aleksandar Indjic"]
[Black "Savva Vetokhin"]
[WhiteElo "2589"]
[BlackElo "2396"]
[PlyCount "172"]

1. Nf3 Nf6 2. c4 e6 3. Nc3 d5 4. e3 Be7 5. b3 O-O 6. Bb2 c5 7. cxd5 Nxd5 8. h4
b6 9. Qb1 h6 10. g4 Ba6 11. g5 Bxf1 12. Kxf1 h5 13. Ne4 Nc6 14. Rg1 g6 15. Ke2
Kh7 16. Ng3 Kg8 17. Qe4 Qd6 18. Qb1 e5 19. Qe4 Rfe8 20. Qc4 Rad8 21. Ne4 Qe6 22.
Rad1 Bf8 23. d3 Bg7 24. Qc2 Qf5 25. a3 Qe6 26. Ba1 Nce7 27. Rb1 Nf5 28. Qc4 Nd6
29. Nxd6 Qxd6 30. Nd2 Qc6 31. Ne4 Qe6 32. Rbc1 Rc8 33. Rc2 Kh7 34. Rcc1 Kg8 35.
Qa4 Qe7 36. Bb2 Rcd8 37. Qc6 Rd7 38. Rcd1 Red8 39. Qb5 Qe6 40. Qc4 Re8 41. Rd2
Kh8 42. Rdd1 Kg8 43. Rd2 Kh8 44. Ba1 Kg8 45. Rdd1 Kh8 46. Rc1 Red8 47. Rcd1 Re8
48. Nc3 Nxc3+ 49. Bxc3 Qd6 50. Rd2 Red8 51. Rc1 Kg8 52. b4 cxb4 53. Bxb4 Qd5 54.
Qxd5 Rxd5 55. e4 R5d7 56. a4 Rd4 57. Rb1 Rc8 58. Ra2 Bf8 59. Bd2 Rd7 60. a5 Bc5
61. axb6 axb6 62. Rb3 Bd4 63. Be3 Bxe3 64. Kxe3 Rc1 65. Rxb6 Rd8 66. Rb5 Re1+
67. Re2 Rd1 68. Rd2 Rh1 69. Rxe5 Rxh4 70. Ra5 Rh1 71. f3 h4 72. Kf4 Rg1 73. d4
Kg7 74. d5 h3 75. Rh2 Rh8 76. Raa2 Rh4+ 77. Ke3 Rxg5 78. d6 Rh8 79. Rad2 Rgh5
80. f4 Kf6 81. Kf3 Ke6 82. Kg4 Rh4+ 83. Kg3 R4h5 84. Kg4 Rh4+ 85. Kg3 R4h5 86.
Kg4 Rh4+ 1/2-1/2

[Event "World Rapid 2023"]
[Site "Samarkand UZB"]
[Date "2023.12.27"]
[EventDate "2023.12.26"]
[Round "8.27"]
[Result "1-0"]
[White "Ian Nepomniachtchi"]
[Black "Sanan Sjugirov"]
[WhiteElo "2771"]
[BlackElo "2703"]
[PlyCount "88"]

1. e4 e5 2. Nf3 Nc6 3. Bc4 Bc5 4. O-O Nf6 5. d3 d6 6. c3 O-O 7. Re1 a6 8. a4 h6
9. h3 Re8 10. Nbd2 Ba7 11. b4 Be6 12. Bxe6 Rxe6 13. Rb1 d5 14. Qc2 Qd7 15. b5
axb5 16. axb5 Ne7 17. exd5 Qxd5 18. c4 Qd6 19. Bb2 Ng6 20. Ra1 Ree8 21. Nb3 Nd7
22. d4 Bxd4 23. Nbxd4 exd4 24. Rxa8 Rxa8 25. Nxd4 Nde5 26. Qc3 Qc5 27. Nf5 f6
28. Qg3 Kh7 29. Bxe5 fxe5 30. Qd3 Rf8 31. Qd7 Rg8 32. Re4 Nf4 33. Ne3 Rf8 34.
Nf5 Rg8 35. h4 b6 36. Ne3 Rf8 37. Ng4 h5 38. Ne3 Qa3 39. Nf5 Rg8 40. Re3 Qc1+
41. Kh2 Qxc4 42. Rg3 Ng6 43. Rg5 Qf4+ 44. Kh3 1-0

[Event "World Rapid 2023"]
[Site "Samarkand UZB"]
[Date "2023.12.27"]
[EventDate "2023.12.26"]
[Round "8.28"]
[Result "1-0"]
[White "Fabiano Caruana"]
[Black "Boris Savchenko"]
[WhiteElo "2794"]
[BlackElo "2505"]
[PlyCount "92"]

1. e4 c5 2. Nf3 d6 3. d4 cxd4 4. Nxd4 Nf6 5. Nc3 a6 6. f3 e5 7. Nb3 Be6 8. Be3
Nbd7 9. g4 Be7 10. Qd2 O-O 11. O-O-O b5 12. g5 b4 13. gxf6 bxc3 14. Qxc3 Nxf6
15. Na5 Qd7 16. Nc6 Rfc8 17. Nxe7+ Qxe7 18. Qa5 Qb7 19. Rxd6 Nxe4 20. Rxe6 fxe6
21. Qxe5 Nf6 22. Rg1 Qxf3 23. Bd4 Rxc2+ 24. Kxc2 Rc8+ 25. Bc3 Rxc3+ 26. bxc3
Qf2+ 27. Kb3 Qxg1 28. Qxe6+ Kf8 29. Bc4 Qb1+ 30. Ka4 Qd1+ 31. Kb4 Qb1+ 32. Ka5
Qb7 33. Qd6+ Ke8 34. Bxa6 Qa7 35. a4 Nd7 36. Kb4 Nf6 37. a5 Qf2 38. Bb5+ Kf7 39.
Bc4+ Ke8 40. Qe6+ Kd8 41. Qb6+ Qxb6+ 42. axb6 Kc8 43. Ba6+ Kd7 44. Bb7 Kd6 45.
c4 Nd7 46. Kb5 1-0

[Event "World Rapid 2023"]
[Site "Samarkand UZB"]
[Date "2023.12.27"]
[EventDate "2023.12.26"]
[Round "8.29"]
[Result "0-1"]
[White "Manuel Petrosyan"]
[Black "Peter Svidler"]
[WhiteElo "2619"]
[BlackElo "2689"]
[PlyCount "84"]

1. e4 c5 2. Nf3 d6 3. d4 cxd4 4. Nxd4 Nf6 5. Nc3 a6 6. Bd3 e5 7. Nde2 Be7 8. O-O
O-O 9. Ng3 Bg4 10. Be2 Be6 11. Be3 Qa5 12. Bf3 Nbd7 13. Nf5 Qd8 14. Qd2 Ne8 15.
Nd5 Bxd5 16. Qxd5 Rb8 17. Rfd1 Ndf6 18. Qb3 g6 19. Nxe7+ Qxe7 20. Qb4 Kg7 21.
Rd3 Rc8 22. c3 Rc7 23. Rad1 Nd7 24. Bg4 f5 25. exf5 gxf5 26. Bxf5 Rxf5 27. Qg4+
Kf6 28. h4 h5 29. Qg8 Qf7 30. Rxd6+ Nxd6 31. Qd8+ Ke6 32. Qxc7 Qe7 33. Qa5 Nf6
34. Bc5 e4 35. Qb4 Rd5 36. Rxd5 Kxd5 37. Bxd6 Qxd6 38. Qxb7+ Ke6 39. Qb3+ Kf5
40. g3 e3 41. Qc2+ Ne4 42. Kg2 exf2 0-1